000
00254nam a2200097Ia 4500
001
1120021
005
20250827004616.0
008
250824s9999 xx 000 0 und d
245
0
_a
DELİ ÇOCUĞUN GÜNCESİ
_c
ÖZGÜR BACAKSIZ
260
_b
DESTEK YAYINLARI
999
_c
1120021
_d
1120021